| 000 | 01577pam a2200313 a 4500 | ||
|---|---|---|---|
| 001 | 4852532 | ||
| 003 | AUA.1 | ||
| 005 | 20140826142524.0 | ||
| 008 | 910809s1992 miua b 001 0 eng | ||
| 010 | _a 91031822 | ||
| 020 | _a0801052505 | ||
| 040 |
_aDLC _cDLC _dDLC |
||
| 050 | 0 | 0 |
_aBS 2745.2 _b.K76 1992 |
| 082 | 0 | 0 |
_a227/.8306 _220 |
| 100 | 1 |
_aKroeger, Richard Clark. _95195 |
|
| 245 | 1 | 0 |
_aI suffer not a woman : _brethinking 1 Timothy 2:11-15 in light of ancient evidence / _cRichard Clark Kroeger and Catherine Clark Kroeger. |
| 260 |
_aGrand Rapids, Mich. : _bBaker Book House, _cc1992. |
||
| 300 |
_a250 p. : _bill. ; _c23 cm. |
||
| 504 | _aIncludes bibliographical references and indexes. | ||
| 630 | 0 | 0 |
_aBible. _pN.T. _pTimothy, 1st, II, 11-15 _xCriticism, interpretation, etc. _95196 |
| 650 | 0 |
_aWomen _xBiblical teaching. _95197 |
|
| 650 | 0 |
_aWomen in Christianity _xHistory _yEarly church, ca. 30-600. _95198 |
|
| 700 | 1 |
_aKroeger, Catherine Clark. _95199 |
|
| 906 |
_a7 _bcbc _corignew _d1 _eocip _f19 _gy-gencatlg |
||
| 942 |
_2lcc _cBOOK _hBS 2745.2 _i.K76 1992 |
||
| 999 |
_c1435 _d1435 |
||